| 000 | 02060nam a2200469 i 4500 | ||
|---|---|---|---|
| 001 | 193141 | ||
| 003 | ES-MaACL | ||
| 005 | 20240925154736.0 | ||
| 007 | ta | ||
| 008 | 230824r19991768sp b 000|0 spa d | ||
| 020 | _a848406039X (o.c.) | ||
| 020 | _a8484060403 (t.I) | ||
| 020 | _a8484060411(t.II) | ||
| 024 | _a0000875404 | ||
| 035 | _aRebiun12039970 | ||
| 040 |
_aES-VaUB. _bcat. _cES-VaUB _dES-MaACL |
||
| 080 | _a351.86(460)"17" | ||
| 245 | 0 | 0 |
_aOrdenanzas de S.M. para el regimen, disciplina, subordinacion, y servicio de sus exercitos : _bsubdividido en quatro tratados |
| 250 | _aEd. facs | ||
| 260 |
_aValladolid : _bLex Nova, _c1999 |
||
| 300 |
_a3 v. : _bmap. pleg. ; _c29 cm + _e1 CD-ROM |
||
| 336 |
_2rdacontent _aTexto |
||
| 337 |
_2rdamedia _asin mediación |
||
| 338 |
_2rdacarrier _avolumen |
||
| 500 | _aEn funda protectora | ||
| 500 | _a[3] : La profesión militar y las sabias ordenanzas de Carlos III / Antonio Alonso Molinero. Las Reales Ordenanzas y la obediencia debida / Sabino Fernández Campo. Una ordenación jurídica del Ejército Real : Las Ordenanzas Generales de los ejércitos de Carlos III / Emiliano González Díez | ||
| 534 |
_pReprod. facs. de l'ed. de: _cOficina de Antonio Marin, año de 1768 |
||
| 650 | 0 | 7 |
_aDisciplina militar _9135934 |
| 650 | 0 | 4 |
_aServicio militar- _917062 _yS.XVIII-XIX _zEspaña- |
| 655 | 7 |
_9226495 _aFacsímiles |
|
| 700 | 1 |
_aAlonso Molinero, Antonio, _9234050 |
|
| 700 | 1 |
_aFernández Campo, Sabino, _d1918-2009 _9234051 |
|
| 700 | 1 |
_aGonzález Díez, Emiliano _9234052 |
|
| 852 |
_aES-MaACL _9200462 _bR.133142 _jN-9239 _cDEPOJ _xRústica con solapas |
||
| 852 |
_aES-MaACL _bR.133142 _9199463 _jN-9237 _cDEPOJ _pv.1 _xCartoné imitación a piel |
||
| 852 |
_aES-MaACL _bR.133142 _9200461 _jN-9238 _cDEPOJ _pv.2 _xCartoné imitación a piel |
||
| 942 |
_n0 _cMONOGRAFIA |
||
| 999 |
_c193141 _d193141 |
||